Ultimate New York Knicks Quiz - Statistics

General Stats
  • This quiz has been taken 26 times
    7 since last reset
  • The average score is 16 of 47
Answer Stats
Hint Answer % Correct
Players All time leading scorer Patrick Ewing
100%
Coaches Current coach Mike Brown
75%
Coaches Coach during the 2020's, turned the franchise around Tom Thibodeau
75%
Players "Styling and Profiling" Walt "Clyde" Frazier
75%
General Trivia Only year they won the draft lottery 1985
50%
Players Main star of the early 2000's, number 20 Allan Houston
50%
Players Holds the record for most points in the Garden Carmelo Anthony
50%
Players Donte DiVincenzo
50%
Players "The Pearl" Earl Monroe
50%
Players The Nova Knicks Jalen Brunson
50%
Players "Linsanity" Jeremy Lin
50%
Players Had "The Dunk" over MJ in the 93' ECF John Starks
50%
Players Josh Hart
50%
Players 3 time All-Star in the 2020's, can be infuriating to watch Julius Randle
50%
General Trivia Full team name Knickerbockers
50%
Players Latvian center picked 4th in 2016 Kristaps Porzingis
50%
General Trivia "The World's Most Famous Arena" Madison Square Garden
50%
Players Mikal Bridges
50%
General Trivia Former Bulls coach who was an abysmal GM Phil Jackson
50%
General Trivia Hawks PG hated by the fans Trae Young
50%
Players "And here comes ______!" Willis Reed
50%
General Trivia Year established 1946
25%
General Trivia Years won the Finals 1970
25%
General Trivia 1973
25%
Players Knicks leader through the 80s Bernard King
25%
Players Became a senator for New Jersey Bill Bradley
25%
Players "Oak Tree" Charles Oakley
25%
General Trivia Current owner James Dolan
25%
Coaches Was on the floor during a brawl with the Heat Jeff Van Gundy
25%
Players 2012 6th Man of the Year J.R. Smith
25%
Players Hit a wild four point play against Indiana Larry Johnson
25%
Players Choked the head coach of the Warriors Latrell Sprewell
25%
Current Commentators Mike Breen
25%
General Trivia "The Knick Killer" Reggie Miller
25%
Players Canadian player drafted 3rd in 2019 RJ Barrett
25%
General Trivia Movie director always seen at games Spike Lee
25%
Players "Starbury" Stephon Marbury
25%
Current Commentators Alan Hahn
0%
Players Monster dunker who had many injured years with the Knicks Amar'e Stoudemire
0%
Players Also played in the MLB, for the White Sox Dave DeBusschere
0%
Current Commentators Jamal Crawford
0%
Current Commentators Kenny Albert
0%
General Trivia Former commentator who was unfairly fired Marv Albert
0%
Current Commentators Monica McNutt
0%
Coaches "The Rat" Pat Riley
0%
Coaches Was coach during the two rings Red Holzman
0%
General Trivia Comedian also always seen at games Tracy Morgan
0%
No matching quizzes found
Score Distribution
Percent of People with Each Score
Percentile by Number Answered
Your Score History
You have not taken this quiz since the last reset